000 00309nam a22001457a 4500
008 221108b ||||| |||| 00| 0 eng d
020 _a9780071460231
041 _aeng
080 _a004
082 _a004 WIL
100 _a18
101 _aSHK
245 _aNANOTECHNOLOGY
_cWILLIAMS L
942 _2udc
_cBK
999 _c58788
_d58788